000 00704nam a2200241 i 4500
001 C2-0074467
003 PPAK
005 20180727081052.0
008 970429s1985 my a|||| ||||| | may d
040 _aPPAK
_beng
_cPPAK
_erda
082 0 4 _a923.2598
_223
090 0 0 _a923.2598
_bDJA
_dKAH
090 0 0 _a923.2598
_bDJA
_dKIH
100 1 _aDjamily, Bachtiar,
_eauthor
245 1 0 _aHarmoko :
_banak rakyat insan yang arif
264 1 _aKuala Lumpur :
_bPustaka Budiman ,
_c1985
300 _a269 pages :
_billustrations ;
_c20 cm
336 _2rdacontent
_atext
337 _2rdamedia
_aunmediated
338 _2rdacarrier
_avolume
650 1 0 _aPoliticians - Biography - Indonesia
942 _ddc
_cB
999 _c10628
_d10628